000 00577nam a2200217Ia 4500
003 OSt
005 20220918225850.0
006 a|||||r|||| 00| 0
007 ta
008 220917b |||||||| |||| 00| 0 eng d
024 _a246,548
037 _cTextual
040 _aARTS
_cARTS
_beng
041 _2eng
_aeng
082 _aX:73.N7, K7
100 _aBarach Arnold B.
_9151415
245 0 _aUSA and its economic future
260 _aNew York
_bMacmillan Company USA
_c1964
942 _hX:73.N7, K7
_cTEXL
_2CC
999 _c286289
_d286289